000 00264nam a22001217a 4500
999 _c168577
_d168577
082 _aH1
_bA
245 _aAag ke lokpriya hindi kavi:
_bAjneya/
260 _a
_b
_c
650 _aPoetry Hindi
650 _aLiterature Hindi
650 _aLiterature
942 _cBK